000 00670cam a2200241 a 4500
001 17084891
003 CUTN
005 20170620114442.0
008 111215s2012 caua 001 0 eng
010 _a 2011049655
020 _a9788130913148
040 _aDLC
_cCUTN
_dDLC
042 _apcc
082 0 0 _a530.12
_223
_bTOW
100 1 _aTownsend, John S.
245 1 2 _aA modern approach to quantum mechanics /
_cJohn S. Townsend.
250 _a2nd ed.
260 _aSausalito, Calif. :
_bUniversity Science Books,
_cc2012.
300 _axvi, 571 p. :
_bill. ;
_c27 cm.
500 _aIncludes index.
650 0 _aQuantum theory
_vTextbooks.
942 _2ddc
_cBOOKS
999 _c22009
_d22009